Pronunciamientos de la Comisin̤ Colombiana de Juristas

Detalles Bibliográficos
Formato: eBook
Lenguaje:español
Publicado: Bogot:̀ Comisin̤ Colombiana de Juristas, 1995 -
Materias:
Acceso en línea:Acceso restringido

MARC

LEADER 00000nam a22000007a 4500
005 20200316212627.0
007 cr|||| ||||
008 200316c19959999co |||||s|||| 00||0 spa d
035 |a 31241 
040 |a vLex 
090 |c 10266  |d 10266 
245 0 0 |a Pronunciamientos de la Comisin̤ Colombiana de Juristas  |h [Recurso electrn̤ico] / 
256 |a Servicio en ln̕ea 
260 |a Bogot:̀  |b Comisin̤ Colombiana de Juristas,  |c 1995 - 
300 |a 1 recurso electrn̤ico 
310 |a Irregular 
506 1 |a Disponible solo en los productos indicados  |d vLex Global  |d vLex Global (Academic Edition, excluding Law Schools)  |d vLex Global (U.S. Academic Edition, Law Schools)  |d vLex Global (U.S. Academic Edition, excluding Law Schools)  |d vLex Global (Academic Edition, Law Schools) 
650 0 4 |a Derecho Constitucional  |z Colombia 
650 0 4 |a Derecho Internacional  |z Colombia 
740 0 |a vLex Revistas (Servicio en ln̕ea) 
856 4 0 |u http://vlex.com/source/pronunciamientos-comision-colombiana-juristas-31241  |z Acceso restringido 
942 |c BOOK 
999 0 |a Constitutional Law 
999 0 |a International Law